| 000 | 00895aam a2200325 4500 | ||
|---|---|---|---|
| 005 | 20260416103152.0 | ||
| 008 | 150522b2009 xxu||||| |||| 00| 0 spa d | ||
| 020 | _a9789682300615 | ||
| 041 | _aESP | ||
| 082 | _a365 M875f | ||
| 100 |
_aMorris, Noival _919021 |
||
| 245 | _aEl futuro de las prisiones: estudios sobre crimen y justicia | ||
| 260 | _aMéxico | ||
| 260 | _bSiglo XXI | ||
| 260 | _c2009 | ||
| 300 | _a183 páginas | ||
| 490 | _aInvestigación Criminal | ||
| 650 | _aPRISIONES | ||
| 650 | _aCURA COERCITIVA | ||
| 650 | _aPENA DE PRISIÓN | ||
| 650 | _aSOLUCIONES ALTERNATIVAS | ||
| 650 | _aREHABILITACIÓN | ||
| 650 | _aTRATAMIENTO CARCELARIO | ||
| 650 | _aLIBERACIÓN PROVISIONAL | ||
| 650 | _aLIBERACIÓN BAJO PALABRA | ||
| 650 | _aJUSTIFICACIÓN DE LA PENA | ||
| 650 | _aCRIMINALES VIOLENTOS | ||
| 650 | _aPROCEDIMIENTOS DE INGRESO | ||
| 942 |
_cBK _2ddc |
||
| 999 |
_c2203 _d2203 |
||